000 00695nam a2200277Ia 4500
005 20260324124655.0
008 008 260324s9999 xx 000 0 eng d
020 _a9781315587431
037 _aEBOOK
040 _aCRL
040 _beng
040 _cCRL
041 _2eng
041 _aeng
084 _qCRL
100 _aChristopher C. Knight; Nancey Murphy
_91175067
245 0 _aHuman Identity at the Intersection of Science, Technology and Religion
260 _bTaylor and Francis
260 _c2010
365 _a
365 _b255
856 _uhttp://www.taylorfrancis.com/books/9781315587431
942 _cEBOOK
999 _c1769646
_d1769646